Personnage d'animé/manga aux cheveux blonds - Statistiques

Statistiques générales
  • Ce quiz a été pris 241 fois
  • Le résultat moyen est 7 sur 25
Statistiques - réponses
Hint Réponse % Correct
1 Naruto
89%
6 Sanji
71%
9 Bakugo
50%
2 Minato
49%
11 Lucy
48%
16 Armin
47%
3 Kurapika
42%
17 Meliodas
42%
23 Boruto
33%
21 Zenitsu
32%
12 C-18
30%
19 Edward
30%
24 All might
26%
14 Denki
26%
5 Annie
22%
7 Ino
22%
13 Misa
21%
8 Luxus
20%
15 Temari
11%
22 Nanami
8%
10 Winry
7%
25 Mary
6%
20 Halibel
3%
4 Izuru
3%
18 Leone
2%
Aucun quiz correspondant
Distribution des résultats
% des personnes avec chaque résultat
Percentile par nombre de réponses
Votre historique - résultats
Vous n’avez pas pris ce quiz